Statistics for How I Met Your Mother - Very difficult trivia

Click here to take the quiz!

General Stats

  • This quiz has been taken 372 times
    (370 since last reset)
  • The average score is 3 of 15

Answer Stats

HintAnswer% Correct
Barney dyed his hair, trying to complete every single task on the Murtaugh List. What colour did he choose?Pink
77%
During season 1: In what Borough in New York City can Robin's apartment be found?Brooklyn
46%
Jessica Glitter is the organist of which sports team?New York Rangers
45%
Marshall gets slapped in the face a lot in the episode Slapsgiving 3: Slappointment in Slapmerra. How many times?22
32%
What is the name of the band that Ted, ehm... Lily promoted to the gang in college?Dishwalla
26%
What play did Barney perform to seduce Shelly, Lily's co-worker?The Lorenzo Von Matterhorn
23%
What kind and type of car do Marshall and Daphne rent to get to New York? (Hint: it's still Frickin' huge!)Monstrosity Sport
20%
What city does Robin claim to be from when she and Marshall visit Walleye Saloon, the Minnesota-themed bar in New York?Bemidji
19%
What song is played during the final moments of the episode Farhampton?The Funeral
18%
Darren thinks Superfreakonomics is better than what other economic-themed band?Radiohedge Fund
11%
What company produces the "fuzzy stuff on tennis balls", among other things?Altrucell Corporation
6%
What is the name of Ranjit's wife?Falguni
6%
What is the name of the man who works at Love Solutions?Bob Rorschach
5%
What is the first name of the mother's first roommate?Kelly
5%
What Chinese gambling game does Barney play in Atlantic City?Xing Hai Shi Bu Xing
3%

Score Distribution

Percentile by Number Answered

Percent of People with Each Score

Your Score History

You have not taken this quiz since the last reset